Rossijskij rynok rabočej sily i opyt Zapada.

Skúmanie problémov adaptácie trhu pracovnej sily v západných rozvinutých krajinách k meniacim sa podmienkam spoločenskej reprodukcie. Úloha štátu v riešení problémov nezamestnanosti. Skúsenosti západných krajín z praxe minimalizácie sociálnych nákladov fungovania trhu práce. Problematika zamestnanos...

Descripción completa

Guardado en:
Detalles Bibliográficos
Autor principal: Višnevskaja, N.
Formato: Capítulo de libro
Lenguaje:ruso
Materias:
Etiquetas: Agregar Etiqueta
Sin Etiquetas, Sea el primero en etiquetar este registro!

MARC

LEADER 00000naa a2200000 4500
001 r010265
005 20221130113153.1
041 0 |a rus 
044 |a [SU] 
245 1 0 |a Rossijskij rynok rabočej sily i opyt Zapada.  |c N. Višnevskaja 
520 |a Skúmanie problémov adaptácie trhu pracovnej sily v západných rozvinutých krajinách k meniacim sa podmienkam spoločenskej reprodukcie. Úloha štátu v riešení problémov nezamestnanosti. Skúsenosti západných krajín z praxe minimalizácie sociálnych nákladov fungovania trhu práce. Problematika zamestnanosti v Rusku pri prechode k trhovej ekonomike a formovaniu trhu pracovnej sily. 
610 2 0 |a trh práce 
610 2 0 |a sily pracovné 
610 2 0 |a nezamestnanosť 
610 2 0 |a zamestnanosť 
610 2 0 |a Rusko 
610 2 0 |a západná Európa 
610 2 0 |a štát 
100 1 |a Višnevskaja, N.